| 000 | 01138nam a2200253Ia 4500 | ||
|---|---|---|---|
| 999 |
_c34421 _d34421 |
||
| 001 | 150 | ||
| 003 | GE_BSU | ||
| 005 | 20241017110328.0 | ||
| 008 | 181216s2009||||ge |||||||||||||| ||geo|| | ||
| 020 | _a9789941014185 | ||
| 040 | _cGE_BSU | ||
| 041 | _ageo | ||
| 080 | _a616.31(075.8) ს–34 | ||
| 100 |
_aსაყვარელიძე, ზურაბ _923415 |
||
| 245 |
_aორთოპედიული სტომატოლოგია : _b[დამხმ. სახელმძღვ.] / _cზურაბ საყვარელიძე, ნათია საყვარელიძე, ავთანდილ საყვარელიძე. |
||
| 264 |
_aთბილისი, _c2009. |
||
| 300 |
_a322 გვ.: _bსურ. ; _c20 სმ. |
||
| 541 | _h20 ლ. | ||
| 653 | _aორთოპედიული სტომატოლოგია | ||
| 653 | _aმედიცინა | ||
| 700 |
_aსაყვარელიძე, ნათია _eავტორი _923416 |
||
| 700 |
_aსაყვარელიძე, ავთანდილ _eავტორი _920259 |
||
| 942 |
_cBK _2udc |
||